| 000 | 01156nam a2200241Ia 4500 | ||
|---|---|---|---|
| 999 |
_c3500 _d3500 |
||
| 003 | OSt | ||
| 005 | 20200406143840.0 | ||
| 008 | 191128s1999 sp gr 001 0 spa d | ||
| 020 | _a8439582641 | ||
| 040 |
_aCO-JMCR _cCO-JMCR |
||
| 041 | 0 | _aspa | |
| 082 | 0 | 4 |
_a232 / _bB467a |
| 100 | 1 |
_aBenítez, J. J., _eautor _91644 |
|
| 245 | 1 | 4 |
_aLos astronautas de Yavé / _cJ. J. Benítez |
| 260 |
_aMadrid : _bPlaneta-De Agostini _c1999 |
||
| 300 |
_a294 páginas ; _c 23 cm |
||
| 490 | 0 | _aBiblioteca J. J. Benítez | |
| 505 | _aLos asombrosos y desconocidos -- Los evangelistas "titulados" y los "intrusos" -- Los "abuelos" de Jesús: una familia adinerada -- Tres horas de terror -- El no menos misterioso embarazo de la "abuela" de Jesús -- Tres años de lactancia | ||
| 520 | _aEn esta obra el autor nos revela un sinfín de detalles y circunstancias que rodearon la preparación y el propio nacimiento de Jesús y que la Iglesia no ha podido dar a conocer hasta ahora. ¿Quién podía sospechar que Jesús no nació realmente en la aldea? | ||
| 650 | 1 | 4 |
_aNatividad de Jesús _92551 |
| 650 | 2 | 4 |
_aInterpretaciones racionalistas _92552 |
| 942 |
_2ddc _cBK |
||